[Event "Mechanics' Irving Chernev TNM; 30/90, SD"]
[Site "San Francisco"]
[Date "2008.08.20"]
[Round "3.19"]
[White "Cole, Tony"]
[Black "Sherwood, Peter"]
[Result "1/2-1/2"]
[WhiteElo "1292"]
[BlackElo "1743"]
[PlyCount "197"]
[EventDate "2008.??.??"]

1. e4 c5 2. Nc3 d6 3. Nf3 Nf6 4. d4 cxd4 5. Nxd4 a6 6. Bc4 e6 7. Bg5 Be7 8. O-O
O-O 9. Qf3 Nbd7 10. Bd3 Ne5 11. Qh3 Nxd3 12. Qxd3 Bd7 13. Kh1 Rc8 14. f4 Qb6
15. b3 Qc7 16. Rf3 Rfd8 17. Re1 e5 18. Nde2 h6 19. Bxf6 Bxf6 20. fxe5 Bxe5 21.
Nd5 Qxc2 22. Ne7+ Kf8 23. Nxc8 Qxd3 24. Rxd3 Rxc8 25. Rc1 Bc6 26. Nd4 Bd7 27.
Rxc8+ Bxc8 28. Nf3 Ke7 29. h4 Bg3 30. Rd5 Bd7 31. Kg1 Bc6 32. Rd4 f6 33. Kf1
Bb5+ 34. Kg1 Kd7 35. a4 Bc6 36. Kf1 Ke6 37. Ke2 g5 38. hxg5 hxg5 39. Ke3 d5 40.
Nd2 Bf4+ 41. Kd3 Bxd2 42. exd5+ Bxd5 43. Kxd2 Bxg2 44. Ke3 Ke5 45. Rb4 f5 46.
Kf2 Be4 47. Kg3 f4+ 48. Kg4 f3 49. Kg3 Bd5 50. a5 Kf5 51. Rd4 Ke5 52. Rb4 Kf5
53. Rd4 Bc6 54. Rb4 Ke5 55. Rg4 Kf5 56. Rb4 Be4 57. Rc4 Ke5 58. Rc5+ Bd5 59.
Rc3 Kd4 60. Rc7 Ke3 61. Re7+ Be4 62. Rc7 Bd5 63. Re7+ Kd4 64. b4 Kc4 65. Re5
Bc6 66. Rxg5 Kxb4 67. Kf2 Kc3 68. Rc5+ Kd2 69. Rh5 Kc3 70. Rc5+ Kb4 71. Rh5 Kc4
72. Rg5 Bd5 73. Rf5 Kd4 74. Rh5 Ke4 75. Rg5 Kd4 76. Rh5 Be4 77. Rg5 Kd3 78. Rg4
Bd5 79. Rg5 Kc4 80. Re5 Bc6 81. Rh5 Kb4 82. Rf5 Ka4 83. Ke3 Kb4 84. Rh5 Bb5 85.
Rf5 Kxa5 86. Kxf3 Kb6 87. Rf6+ Bc6+ 88. Ke2 Kc5 89. Kd2 b5 90. Kc3 a5 91. Kb3
Bd5+ 92. Ka3 a4 93. Rf5 Kc6 94. Rf6+ Kc5 95. Rf5 Kd4 96. Kb4 Bc4 97. Rf4+ Ke3
98. Rxc4 bxc4 99. Kxc4 {drawn} 1/2-1/2

[Event "Mechanics' Irving Chernev TNM; 30/90, SD"]
[Site "San Francisco"]
[Date "2008.08.20"]
[Round "3.20"]
[White "Seidov, Seid"]
[Black "Afkham-Ebrahimi, Payam"]
[Result "0-1"]
[WhiteElo "1226"]
[BlackElo "1929"]
[PlyCount "34"]
[EventDate "2008.??.??"]

1. d4 f5 2. c4 Nf6 3. Nc3 g6 4. g3 Bg7 5. Bg2 O-O 6. Nf3 d6 7. d5 c6 8. O-O
cxd5 9. cxd5 Na6 10. Nd4 Nc7 11. b3 Qe8 12. Bb2 g5 13. Rc1 Qh5 14. Qc2 Ng4 15.
Nf3 Ne8 16. e4 fxe4 17. Nxe4 Rxf3 0-1

[Event "Mechanics' Irving Chernev TNM; 30/90, SD"]
[Site "San Francisco"]
[Date "2008.08.20"]
[Round "3.23"]
[White "Bertot, German"]
[Black "Reyes, Edsel Delos"]
[Result "1/2-1/2"]
[WhiteElo "1580"]
[BlackElo "1360"]
[PlyCount "75"]
[EventDate "2008.??.??"]

1. d4 Nf6 2. c4 g6 3. Nc3 d5 4. Bg5 c6 5. Bxf6 exf6 6. cxd5 cxd5 7. e3 Bg7 8.
Qb3 O-O 9. Qxd5 Nc6 10. Qxd8 Rxd8 11. Rc1 a6 12. Nf3 g5 13. Be2 g4 14. Nd2 Bh6
15. Nc4 Nxd4 16. Nb6 Nxe2 17. Nxe2 Rb8 18. Nxc8 Rbxc8 19. Nc3 f5 20. Ke2 Bg7
21. Rhd1 Rxd1 22. Kxd1 Rd8+ 23. Kc2 b5 24. Rd1 Rc8 25. Kb3 Bxc3 26. bxc3 Rc6
27. Rd5 Rf6 28. g3 Kg7 29. Kb4 Kg6 30. Ka5 Rc6 31. Kb4 Kf6 32. Rd4 Ke6 33. c4
Rxc4+ 34. Rxc4 bxc4 35. Kxc4 Kd6 36. Kd4 a5 37. a3 f6 38. Kc4 {draw agreed}
1/2-1/2

[Event "Mechanics' Irving Chernev TNM; 30/90, SD"]
[Site "San Francisco"]
[Date "2008.08.20"]
[Round "3.25"]
[White "Mar, Henry"]
[Black "Frank, Robert"]
[Result "1-0"]
[WhiteElo "1500"]
[BlackElo "1245"]
[PlyCount "95"]
[EventDate "2008.??.??"]

1. e4 e5 2. Nf3 Nc6 3. Bc4 Bc5 4. O-O Nf6 5. Nc3 O-O 6. d3 Re8 7. Bg5 h6 8. Bh4
Na5 9. Bb3 Nxb3 10. axb3 c6 11. Ne2 d5 12. Nc3 d4 13. Ne2 Bg4 14. Nd2 Bb4 15.
f3 Be6 16. f4 Bg4 17. h3 Bxe2 18. Qxe2 exf4 19. Nf3 c5 20. e5 g5 21. Nxg5 hxg5
22. Bxg5 Qb6 23. Rxf4 Nd5 24. Rg4 Kf8 25. Rh4 f6 26. Rf1 Qe6 27. Re4 f5 28.
Bh6+ Qxh6 29. Rxf5+ Ke7 30. e6 Nf6 31. Ref4 Bd2 32. Qxd2 Kxe6 33. Rxf6+ Qxf6
34. Rxf6+ Kxf6 35. Qf4+ Ke6 36. Qe4+ Kf6 37. Qxb7 Kg5 38. Qd5+ Kf4 39. Qf3+ Ke5
40. Qe4+ Kd6 41. Qf4+ Re5 42. Qf6+ Re6 43. Qf3 Rae8 44. c4 dxc3 45. bxc3 Re1+
46. Kh2 Rb1 47. Qf4+ Ke6 48. Qg4+ {B resigns} 1-0

[Event "Mechanics' Irving Chernev TNM; 30/90, SD"]
[Site "San Francisco"]
[Date "2008.08.26"]
[Round "4.1"]
[White "Sandberg, Evan"]
[Black "Argishti, Dante"]
[Result "0-1"]
[WhiteElo "1954"]
[BlackElo "1996"]
[PlyCount "62"]
[EventDate "2008.??.??"]

1. e4 e6 2. d4 d5 3. Nc3 Bb4 4. e5 c5 5. a3 Bxc3+ 6. bxc3 Qc7 7. Qg4 f5 8. Qg3
Nc6 9. Ne2 Qf7 10. f4 b6 11. Be3 cxd4 12. cxd4 Ba6 13. Nc3 Bxf1 14. Rxf1 Nh6
15. Nb5 O-O 16. Bd2 Qd7 17. Qd3 Nf7 18. g4 a6 19. gxf5 axb5 20. fxe6 Qxe6 21.
f5 Qe8 22. O-O-O Ra4 23. f6 g6 24. Rf4 Qe6 25. Rg1 Rfa8 26. Rh4 Rxa3 27. Rxg6+
Kf8 28. Rg8+ Kxg8 29. Qxh7+ Kf8 30. Bh6+ Ke8 31. Qg7 Kd7 0-1

[Event "Mechanics' Irving Chernev TNM; 30/90, SD"]
[Site "San Francisco"]
[Date "2008.08.26"]
[Round "4.2"]
[White "Sainz, Guadalupe"]
[Black "Pearson, Michael"]
[Result "0-1"]
[WhiteElo "1835"]
[BlackElo "2276"]
[PlyCount "94"]
[EventDate "2008.??.??"]

1. d4 d5 2. c4 c6 3. Nc3 Nf6 4. Nf3 dxc4 5. a4 Bf5 6. Bf4 e6 7. e3 Nd5 8. Bxc4
Bb4 9. Qb3 a5 10. O-O O-O 11. e4 Nxf4 12. exf5 exf5 13. Ne5 Qc7 14. Rac1 Bxc3
15. Rxc3 Ng6 16. Nxg6 hxg6 17. Rg3 Nd7 18. Qc3 Qd6 19. Qb3 Rab8 20. Rd1 b5 21.
axb5 cxb5 22. Be2 a4 23. Qd3 Rfe8 24. h4 Qe7 25. Re3 Qxh4 26. Rxe8+ Rxe8 27.
Qxb5 Nf6 28. Bf3 Qf4 29. Qxa4 g5 30. Bc6 Re2 31. Qa8+ Kh7 32. Bf3 Rxb2 33. g3
Qc7 34. d5 g4 35. Bg2 f4 36. d6 Qc2 37. Rf1 f3 38. Bxf3 gxf3 39. Qxf3 Rb3 40.
Qh1+ Kg6 41. Qh4 Qe4 42. Qh8 Nd7 43. Qc8 Ne5 44. d7 Nf3+ 45. Kg2 Ne1+ 46. Kh3
Qg2+ 47. Kg4 Qf3+ 0-1

[Event "Mechanics' Irving Chernev TNM; 30/90, SD"]
[Site "San Francisco"]
[Date "2008.08.26"]
[Round "4.3"]
[White "Gaffagan, Steven"]
[Black "Gray, William"]
[Result "0-1"]
[WhiteElo "2022"]
[BlackElo "2043"]
[PlyCount "74"]
[EventDate "2008.??.??"]

1. e4 c5 2. Nf3 d6 3. d4 cxd4 4. Nxd4 Nf6 5. Nc3 g6 6. Be3 Bg7 7. f3 Nc6 8. Qd2
O-O 9. O-O-O d5 10. exd5 Nxd5 11. Nxc6 bxc6 12. Bd4 e5 13. Bc5 Be6 14. Ne4 Qb8
15. Bd6 Qb6 16. c4 Rfd8 17. c5 Qb4 18. Qxb4 Nxb4 19. a3 Nd5 20. Ba6 Rd7 21. Rd3
Nf4 22. Rd2 Bf5 23. g3 Ne6 24. Kb1 Nxc5 25. Bd3 Nxd3 26. Rxd3 Bxe4 27. fxe4
Rad8 28. Rhd1 Bf8 29. Bxf8 Rxd3 30. Rxd3 Rxd3 31. Bc5 Rd7 32. g4 f6 33. Kc2 Kf7
34. b4 Ke6 35. a4 f5 36. gxf5+ gxf5 37. exf5+ Kxf5 0-1

[Event "Mechanics' Irving Chernev TNM; 30/90, SD"]
[Site "San Francisco"]
[Date "2008.08.26"]
[Round "4.4"]
[White "Farzaneh-Far, Ramin"]
[Black "Snyder, Larry"]
[Result "0-1"]
[WhiteElo "1823"]
[BlackElo "2037"]
[PlyCount "98"]
[EventDate "2008.??.??"]

1. e4 d5 2. exd5 Qxd5 3. Nc3 Qa5 4. d4 Nf6 5. Nf3 c6 6. Bc4 Bf5 7. O-O Nbd7 8.
Re1 e6 9. Bd2 Qc7 10. Bb3 Bd6 11. h3 h6 12. Qe2 O-O 13. Ne5 a6 14. g4 Bh7 15.
h4 c5 16. Nxd7 Nxd7 17. d5 exd5 18. Nxd5 Qc6 19. a4 Bxc2 20. Ne7+ Bxe7 21. Bxc2
Bxh4 22. Qd3 Qg6 23. Qxg6 fxg6 24. Be3 Ne5 25. Be4 Nxg4 26. Bxc5 Bxf2+ 27. Bxf2
Rxf2 28. Bxg6 Rxb2 29. Rac1 Rb6 30. Bf5 Nf6 31. Rc7 Re8 32. Rec1 Rb4 33. a5 Rb5
34. Bd3 Rb4 35. Bf5 Rf4 36. Bd3 Rg4+ 37. Kf1 Rb4 38. Kg1 h5 39. Bf5 Rb5 40. Bd3
Rxa5 41. Rxb7 Rg5+ 42. Kf1 a5 43. Bc4+ Kh7 44. Bf7 Ra8 45. Rc6 a4 46. Re7 Rf8
47. Ra6 Nd5 48. Rd7 Rf5+ 49. Ke2 R8xf7 0-1

[Event "Mechanics' Irving Chernev TNM; 30/90, SD"]
[Site "San Francisco"]
[Date "2008.08.26"]
[Round "4.5"]
[White "Russell, Joe"]
[Black "de Guzman, Ricardo"]
[Result "0-1"]
[WhiteElo "1861"]
[BlackElo "2438"]
[PlyCount "60"]
[EventDate "2008.??.??"]

1. d4 Nf6 2. c4 g6 3. Nf3 Bg7 4. Nc3 O-O 5. e4 d6 6. Be2 e5 7. O-O Nc6 8. d5
Ne7 9. Ne1 Nd7 10. Be3 f5 11. f3 f4 12. Bf2 g5 13. b4 Rf7 14. c5 Nf6 15. Nd3
Ng6 16. b5 Bf8 17. Qb3 g4 18. cxd6 cxd6 19. b6 a6 20. Rac1 Rg7 21. Rc2 h5 22.
Nb4 h4 23. fxg4 Nxg4 24. Nc6 Qg5 25. Na7 h3 26. Bxg4 Bxg4 27. g3 Bf3 28. Nd1
Bxe4 29. Rc7 Ne7 30. Nc3 fxg3 {W resigns} 0-1

[Event "Mechanics' Irving Chernev TNM; 30/90, SD"]
[Site "San Francisco"]
[Date "2008.08.26"]
[Round "4.6"]
[White "Chernobilskiy, Mikhail"]
[Black "Thornally, Frank"]
[Result "0-1"]
[WhiteElo "1790"]
[BlackElo "2224"]
[PlyCount "82"]
[EventDate "2008.??.??"]

1. e4 e5 2. Nf3 Nc6 3. Bb5 a6 4. Ba4 Nf6 5. O-O Be7 6. Re1 b5 7. Bb3 d6 8. h3
O-O 9. c3 Nd7 10. d4 Bf6 11. d5 Ne7 12. Nbd2 Ng6 13. Nf1 Nf4 14. Ng3 g6 15. Be3
Bg7 16. Bc2 Nb6 17. b3 Qf6 18. Nd2 a5 19. c4 bxc4 20. bxc4 Nd7 21. a4 Ba6 22.
Ne2 Rfc8 23. Nc3 c6 24. Rc1 h5 25. dxc6 Rxc6 26. Nd5 Nxd5 27. exd5 Rcc8 28. Ne4
Qe7 29. Bd3 f5 30. Bg5 Qf8 31. Nd2 Nc5 32. Bf1 Rab8 33. g4 Bh6 34. Bxh6 Qxh6
35. Re3 Kh8 36. gxh5 gxh5 37. Rg3 h4 38. Rg2 Rg8 39. Rxg8+ Rxg8+ 40. Kh1 Qg6
41. Nf3 e4 0-1

[Event "Mechanics' Irving Chernev TNM; 30/90, SD"]
[Site "San Francisco"]
[Date "2008.08.26"]
[Round "4.7"]
[White "Shakhnazarov, Oleg"]
[Black "Manvelyan, Hovik"]
[Result "1-0"]
[WhiteElo "2148"]
[BlackElo "1869"]
[PlyCount "43"]
[EventDate "2008.??.??"]

1. d4 e6 2. e4 d5 3. e5 c5 4. c3 Nc6 5. Nf3 Qb6 6. Bd3 cxd4 7. cxd4 Bd7 8. Nc3
Nxd4 9. Nxd4 Qxd4 10. O-O Qxe5 11. Re1 Qb8 12. Nxd5 Bd6 13. g3 Ne7 14. Nf4 Ng6
15. Nh5 O-O 16. Bh6 Be5 17. Rxe5 Nxe5 18. Bxg7 Rd8 19. Qe2 Ng6 20. Bc3 e5 21.
Qe3 Qd6 22. Qh6 1-0

[Event "Mechanics' Irving Chernev TNM; 30/90, SD"]
[Site "San Francisco"]
[Date "2008.08.26"]
[Round "4.8"]
[White "Delaney, Will"]
[Black "Grey, Peter"]
[Result "1/2-1/2"]
[WhiteElo "1800"]
[BlackElo "2000"]
[PlyCount "62"]
[EventDate "2008.??.??"]

1. Nf3 Nf6 2. d4 g6 3. c3 Bg7 4. Qc2 d5 5. h3 O-O 6. Bf4 b6 7. Nbd2 Bb7 8. e3
Nbd7 9. Be2 c5 10. O-O Qc8 11. Ne5 Nxe5 12. Bxe5 Ba6 13. Bxa6 Qxa6 14. a4 cxd4
15. exd4 Rfe8 16. Rfe1 Qb7 17. g4 Nd7 18. Bxg7 Kxg7 19. f4 Qc7 20. Rf1 e6 21.
Rf3 Nf6 22. Raf1 Qc6 23. Re3 h5 24. g5 Ng8 25. Nf3 Ne7 26. Nh4 Qd6 27. Ref3 Nf5
28. Ng2 Rac8 29. Qe2 Re7 30. Qe5+ Qxe5 31. fxe5 Rc4 {draw agreed} 1/2-1/2

[Event "Mechanics' Irving Chernev TNM; 30/90, SD"]
[Site "San Francisco"]
[Date "2008.08.26"]
[Round "4.9"]
[White "Livschitz, Louiza"]
[Black "Todortsev, Victor"]
[Result "1-0"]
[WhiteElo "1992"]
[BlackElo "1845"]
[PlyCount "68"]
[EventDate "2008.??.??"]

1. e4 c5 2. Nf3 d6 3. d4 cxd4 4. Nxd4 Nf6 5. Nc3 Nc6 6. Be3 g6 7. f3 Bg7 8. Qd2
O-O 9. Bc4 Na5 10. Bb3 Nxb3 11. Nxb3 Bd7 12. O-O-O b5 13. h4 h5 14. g4 Be6 15.
Nd5 Bxd5 16. exd5 Qc7 17. Bd4 Rac8 18. Bxf6 Bxf6 19. gxh5 Bg7 20. Rh2 Kh7 21.
hxg6+ fxg6 22. h5 g5 23. Kb1 Be5 24. Rg2 Bf4 25. Qd3+ Kh8 26. Nd4 Qc4 27. Qe4
Rf7 28. Qe6 Rh7 29. Nf5 Qc7 30. Rdg1 b4 31. Nh4 Rg7 32. Ng6+ Kh7 33. Nxf4 g4
34. Qf5+ Kg8 1-0

[Event "Mechanics' Irving Chernev TNM; 30/90, SD"]
[Site "San Francisco"]
[Date "2008.08.26"]
[Round "4.10"]
[White "Krasnov, Steven"]
[Black "Smelansky, Vadim"]
[Result "1-0"]
[WhiteElo "1950"]
[BlackElo "1853"]
[PlyCount "53"]
[EventDate "2008.??.??"]

1. Nf3 d5 2. d4 e6 3. c4 c6 4. e3 f5 5. Nbd2 Nf6 6. Be2 Bd6 7. O-O O-O 8. Qc2
Nbd7 9. b3 Ne4 10. Bb2 Qf6 11. g3 Qh6 12. Ne5 Qh3 13. Bf3 g5 14. Bg2 Qh6 15. f3
Nef6 16. e4 fxe4 17. fxe4 Bxe5 18. dxe5 Ng4 19. Rxf8+ Kxf8 20. Nf3 Qg6 21. Re1
Nh6 22. Qf2 Ng4 23. Qd2 dxc4 24. Bh3 Nh6 25. Nxg5 Nf7 26. Rf1 Kg8 27. Nxf7 1-0

[Event "Mechanics' Irving Chernev TNM; 30/90, SD"]
[Site "San Francisco"]
[Date "2008.08.26"]
[Round "4.11"]
[White "Manvelyan, Hayk"]
[Black "O'Callaghan, Kevin"]
[Result "1-0"]
[WhiteElo "1874"]
[BlackElo "1481"]
[PlyCount "101"]
[EventDate "2008.??.??"]

1. e4 e5 2. f4 Nc6 3. Nf3 exf4 4. d4 d5 5. exd5 Qxd5 6. Bxf4 Bg4 7. Be2 O-O-O
8. c3 Re8 9. Nbd2 Nf6 10. O-O Bd6 11. Bc4 Bxf3 12. Rxf3 Qh5 13. Bxd6 cxd6 14.
Qc2 Ng4 15. Qf5+ Qxf5 16. Rxf5 Ne3 17. Rxf7 d5 18. Bb5 Re7 19. Rxe7 Nxe7 20.
Re1 N7f5 21. Nf3 Nd6 22. Bd3 Nec4 23. b3 Nb6 24. Re7 g6 25. Ng5 h6 26. Nf7 Nxf7
27. Rxf7 g5 28. Bf5+ Kb8 29. Kf2 a5 30. Ke2 a4 31. Kd3 h5 32. c4 dxc4+ 33. bxc4
Nc8 34. c5 Na7 35. d5 g4 36. Be6 a3 37. Kc4 Nc8 38. Kb4 b6 39. cxb6 Nxb6 40.
Kxa3 Nc4+ 41. Kb4 Ne5 42. Rf5 Nd3+ 43. Kc4 Nb2+ 44. Kc5 Kc7 45. d6+ Kd8 46. Kc6
Nd3 47. Rb5 Ne5+ 48. Rxe5 Ke8 49. Rb5 Kf8 50. Rb8+ Kg7 51. Rxh8 1-0

[Event "Mechanics' Irving Chernev TNM; 30/90, SD"]
[Site "San Francisco"]
[Date "2008.08.26"]
[Round "4.12"]
[White "Sherwood, Peter"]
[Black "Traub, Igor"]
[Result "0-1"]
[WhiteElo "1743"]
[BlackElo "2005"]
[PlyCount "112"]
[EventDate "2008.??.??"]

1. e4 d5 2. exd5 Nf6 3. Nf3 Nxd5 4. d4 g6 5. c4 Nb6 6. Nc3 Bg7 7. c5 Nd5 8. Bc4
c6 9. O-O Bg4 10. Re1 e6 11. h3 Bxf3 12. Qxf3 O-O 13. Be3 b6 14. Rad1 Nxc3 15.
bxc3 bxc5 16. dxc5 Qh4 17. Bd4 e5 18. Re4 Qg5 19. Be3 Qe7 20. Qg4 Kh8 21. Qg5
f6 22. Qh4 Nd7 23. Rg4 g5 24. Qh5 Rfd8 25. Bd3 Nf8 26. h4 Rd5 $138 27. hxg5 f5
28. Rh4 e4 29. Be2 Bxc3 30. Qh6 Rad8 31. Rxd5 cxd5 32. g6 Bg7 33. Qh5 Bf6 34.
Rh3 d4 35. Bh6 Nxg6 36. Qxf5 Qe5 37. Qg4 d3 38. Bd1 Ne7 39. Bf4 Qf5 40. Bd6 Rg8
41. Qh5 Bd4 42. Qxf5 Nxf5 43. Bf4 Rc8 44. Bd6 Kg7 45. Bg4 Nxd6 46. cxd6 Rc1+
47. Kh2 Be5+ 48. g3 Bxd6 49. Bf5 d2 50. Bg4 d1=Q 51. Bxd1 Rxd1 52. Rh4 Rd2 53.
Rxe4 Rxf2+ 54. Kh3 Rxa2 55. g4 Kf6 56. Re8 Rh2# 0-1

[Event "Mechanics' Irving Chernev TNM; 30/90, SD"]
[Site "San Francisco"]
[Date "2008.08.26"]
[Round "4.13"]
[White "Goins, Demetrius"]
[Black "Somerville, Kenneth"]
[Result "1-0"]
[WhiteElo "1996"]
[BlackElo "1608"]
[PlyCount "47"]
[EventDate "2008.??.??"]

1. d4 d5 2. c4 e6 3. Nc3 Nf6 4. Bg5 c6 5. e3 Bd6 6. Nf3 Nbd7 7. Qc2 O-O 8. Rd1
Qe8 9. Bd3 h6 10. Bh4 dxc4 11. Bxc4 Nd5 12. O-O b6 13. Bxd5 cxd5 14. e4 Ba6 15.
Rfe1 Qc8 16. exd5 exd5 17. Qf5 Bb4 18. Nxd5 Bd6 19. Be7 Qb8 20. Qxd7 Bxe7 21.
Nxe7+ Kh8 22. Ne5 b5 23. Nf5 Rg8 24. Qxf7 {and W mated in a few moves} 1-0

[Event "Mechanics' Irving Chernev TNM; 30/90, SD"]
[Site "San Francisco"]
[Date "2008.08.26"]
[Round "4.15"]
[White "Brooks, Matthew"]
[Black "Riese, Kayven"]
[Result "0-1"]
[WhiteElo "1682"]
[BlackElo "1823"]
[PlyCount "102"]
[EventDate "2008.??.??"]

1. e4 c5 2. Nf3 d6 3. d4 cxd4 4. Nxd4 Nf6 5. Nc3 Nbd7 6. Bc4 a6 7. O-O Qc7 8.
Qe2 e6 9. f4 b5 10. Bb3 Nc5 11. f5 Nxb3 12. axb3 Rb8 13. fxe6 fxe6 14. Bg5 Be7
15. Nf3 b4 16. Nd1 Rb5 17. Nf2 O-O 18. Bf4 Nh5 19. Be3 Nf4 20. Qd2 e5 21. Nd3
Nxd3 22. cxd3 Qb7 23. Ng5 Rxf1+ 24. Rxf1 Bf6 25. Qe2 Qe7 26. Qh5 h6 27. Nh3 Be6
28. Bxh6 Bf7 29. Qg4 Be6 30. Qh5 Bxh3 31. Qxh3 gxh6 32. Qxh6 Bg7 33. Qg6 Rb8
34. Rf5 Rf8 35. h4 Rxf5 36. exf5 Kf8 37. h5 Qf6 38. Qxf6+ Bxf6 39. Kf2 Kg7 40.
Kf3 d5 41. g4 Kh6 42. Kg3 Kg5 43. Kf3 a5 44. Kg3 e4 45. dxe4 dxe4 46. h6 Bxb2
47. h7 Be5+ 48. Kf2 Kxg4 49. Ke3 Kxf5 50. Ke2 Kf4 51. Kf2 e3+ 0-1

[Event "Mechanics' Irving Chernev TNM; 30/90, SD"]
[Site "San Francisco"]
[Date "2008.08.26"]
[Round "4.16"]
[White "Persidsky, Andre"]
[Black "Cole, Tony"]
[Result "1-0"]
[WhiteElo "1818"]
[BlackElo "1292"]
[PlyCount "93"]
[EventDate "2008.??.??"]

1. d4 d5 2. Nf3 Nf6 3. Bg5 Ne4 4. Bh4 Nc6 5. e3 a6 6. c4 Be6 7. Nbd2 Bf5 8.
cxd5 Qxd5 9. Bc4 Qa5 10. O-O e6 11. Nxe4 Bxe4 12. Ng5 Be7 13. Nxe4 Bxh4 14. Qg4
Bf6 15. Nxf6+ gxf6 16. Qg7 O-O-O 17. Qxf7 Qg5 18. Qxe6+ Kb8 19. Be2 h5 20. Bf3
f5 21. Bxc6 Rd6 22. Qe5 Rg8 23. Bf3 h4 24. h3 Qg6 25. Rac1 Re8 26. Qf4 Qf6 27.
Rc3 Kc8 28. Rfc1 Re7 29. Rc5 Kd8 30. Rxf5 Qe6 31. Rf8+ Re8 32. Qg5+ Qe7 33.
Qxe7+ Kxe7 34. Rxe8+ Kxe8 35. Rxc7 Kd8 36. Rxb7 Kc8 37. Rb3 Kc7 38. d5 Rh6 39.
e4 Rh7 40. e5 Rh6 41. d6+ Kd7 42. Bg4+ Ke8 43. d7+ Ke7 44. Rb8 Rh8 45. Rxh8 a5
46. d8=Q+ Kf7 47. Qf6# 1-0

[Event "Mechanics' Irving Chernev TNM; 30/90, SD"]
[Site "San Francisco"]
[Date "2008.08.26"]
[Round "4.17"]
[White "Milliken, William"]
[Black "Periwal, Prashant"]
[Result "0-1"]
[WhiteElo "1629"]
[BlackElo "1830"]
[PlyCount "60"]
[EventDate "2008.??.??"]

1. e4 c5 2. d4 cxd4 3. c3 Nc6 4. Nf3 d5 5. exd5 Qxd5 6. Nxd4 e5 7. Nb5 Qxd1+ 8.
Kxd1 Bg4+ 9. f3 O-O-O+ 10. Ke1 Be6 11. Be3 Kb8 12. Nd2 f5 13. Bc4 Bc8 14. Ke2
Nf6 15. a4 Nd5 16. Bxd5 Rxd5 17. c4 Rd7 18. c5 a6 19. Nc3 Nd4+ 20. Bxd4 exd4
21. Na2 Bxc5 22. Rhc1 Re7+ 23. Kf1 Ba7 24. Nb4 Rhe8 25. Re1 Be6 26. b3 Bc5 27.
Nd3 Bd6 28. Nc4 Bxh2 29. f4 Bg3 30. Re2 Bxc4 {W resigns} 0-1

[Event "Mechanics' Irving Chernev TNM; 30/90, SD"]
[Site "San Francisco"]
[Date "2008.08.26"]
[Round "4.18"]
[White "Macintyre, Brendan"]
[Black "Litowsky, Daniel"]
[Result "1-0"]
[WhiteElo "1606"]
[BlackElo "1719"]
[PlyCount "91"]
[EventDate "2008.??.??"]

1. d4 d5 2. c4 c6 3. Nc3 Nf6 4. e3 g6 5. Be2 Bg7 6. Nf3 O-O 7. O-O Nbd7 8. Bd2
Re8 9. cxd5 cxd5 10. Rc1 a6 11. Qb3 e6 12. Bd3 Qb6 13. Qxb6 Nxb6 14. Rc2 Nc4
15. b3 Nxd2 16. Nxd2 Bd7 17. Rfc1 Rac8 18. Nf3 Bf8 19. Ne2 Rxc2 20. Rxc2 Bd6
21. h3 b5 22. Ne5 Bxe5 23. dxe5 Nh5 24. Nd4 Ng7 25. g4 Rc8 26. e4 Rxc2 27. Bxc2
Ne8 28. Kg2 Kg7 29. Kg3 f6 30. exd5 exd5 31. e6 Bc8 32. f4 Nd6 33. f5 g5 34.
Kf3 Bb7 35. Ke3 Kf8 36. Bd3 Ke7 37. Ne2 a5 38. Kd4 a4 39. Kc5 axb3 40. axb3
Ne4+ 41. Kb6 Bc8 42. Bxe4 dxe4 43. Kxb5 Kd6 44. Nc3 e3 45. Kb6 Ke7 46. Nd5+ {
B resigns} 1-0

[Event "Mechanics' Irving Chernev TNM; 30/90, SD"]
[Site "San Francisco"]
[Date "2008.08.26"]
[Round "4.19"]
[White "Chan, John"]
[Black "Mar, Henry"]
[Result "1-0"]
[WhiteElo "1696"]
[BlackElo "1500"]
[PlyCount "120"]
[EventDate "2008.??.??"]

1. c4 Nf6 2. Nc3 e6 3. Nf3 d5 4. cxd5 exd5 5. d4 c5 6. e3 a6 7. Bd2 Nc6 8. Rc1
cxd4 9. exd4 Bd6 10. Be2 O-O 11. O-O Re8 12. Bg5 Be6 13. a3 Be7 14. Bf4 Bg4 15.
h3 Bh5 16. b4 Bd6 17. Bg5 h6 18. Bxf6 Qxf6 19. Nxd5 Qd8 20. Ne3 Qf6 21. Rc4
Rac8 22. d5 Ne5 23. Rxc8 Rxc8 24. Nd4 Bxe2 25. Qxe2 Ng6 26. Qg4 Re8 27. Ndf5
Ne5 28. Qd1 Ng6 29. Qc2 Qe5 30. Ng4 Qxd5 31. Rd1 Bb8 32. Qc1 Qe6 33. Nd4 Qb6
34. Qc2 Ba7 35. Nf3 Nf4 36. Kh1 Qg6 37. Qxg6 Nxg6 38. Kg1 Nf4 39. Kf1 Re7 40.
h4 h5 41. Ngh2 f6 42. Rd8+ Kh7 43. Nd4 Bxd4 44. Rxd4 Ne2 45. Rd5 g6 46. g4 Nf4
47. Rd6 Kg7 48. gxh5 Nxh5 49. Nf3 Nf4 50. Nd4 Kf7 51. Nb3 Ne6 52. a4 Nc7 53.
Nc5 Ne6 54. Nd7 Kg7 55. f3 Kf7 56. Kg2 f5 57. Kg3 Ke8 58. Nf6+ Kf7 59. Nd5 f4+
60. Kg4 Rc7 1-0

[Event "Mechanics' Irving Chernev TNM; 30/90, SD"]
[Site "San Francisco"]
[Date "2008.08.26"]
[Round "4.20"]
[White "Livschitz, Jennifer"]
[Black "Capdeville, Barry"]
[Result "1-0"]
[WhiteElo "1645"]
[BlackElo "1241"]
[PlyCount "51"]
[EventDate "2008.??.??"]

1. e4 c5 2. Nf3 d6 3. d4 cxd4 4. Nxd4 Nf6 5. Nc3 a6 6. Be3 e6 7. f3 Be7 8. Qd2
O-O 9. O-O-O b5 10. h4 Bb7 11. h5 Nc6 12. g4 Ne5 13. g5 Nc4 14. Bxc4 bxc4 15.
gxf6 Bxf6 16. Rdg1 Kh8 17. Bg5 Rg8 18. Rh2 Qe7 19. f4 Bxg5 20. Rxg5 h6 21. Rg1
f6 22. Rg6 Raf8 23. f5 exf5 24. Nxf5 Qd8 25. Rxh6+ gxh6 26. Qxh6# 1-0

[Event "Mechanics' Irving Chernev TNM; 30/90, SD"]
[Site "San Francisco"]
[Date "2008.08.26"]
[Round "4.21"]
[White "Starr, Albert"]
[Black "Standen, Julian"]
[Result "1/2-1/2"]
[WhiteElo "1536"]
[BlackElo "1644"]
[PlyCount "105"]
[EventDate "2008.??.??"]

1. b4 d5 2. e3 e5 3. Bb2 Bd6 4. Nf3 Nd7 5. Be2 Ngf6 6. O-O O-O 7. d3 Re8 8. b5
c5 9. c4 d4 10. exd4 exd4 11. Nbd2 b6 12. a4 Bb7 13. Re1 Qc7 14. g3 Ne5 15.
Nxe5 Rxe5 16. Nf3 Re7 17. Qd2 Qd7 18. Nh4 Rae8 19. Bf1 h6 20. Rxe7 Rxe7 21. a5
g5 22. Ng2 Qe8 23. a6 Bc8 24. Re1 Bf5 25. Bc1 Ng4 26. Rxe7 Qxe7 27. f3 Ne5 28.
Ne1 f6 29. g4 Bd7 30. h4 Ng6 31. h5 Bf4 32. Qd1 Bxc1 33. Qxc1 Nf4 34. Qd2 Qe5
35. Ng2 Nxg2 36. Qxg2 Kf7 37. Be2 Qe3+ 38. Qf2 Qe5 39. Kg2 Ke6 40. Bf1 f5 41.
gxf5+ Kxf5 42. Qg3 Qxg3+ 43. Kxg3 Ke5 44. Be2 Be8 45. Kg4 Bf7 46. Bf1 Be6+ 47.
Kg3 Bf5 48. Be2 Be6 49. Bf1 Bf7 50. Kg4 Be8 51. Bg2 Bd7+ 52. Kg3 Bf5 53. Bf1 {
draw agreed} 1/2-1/2

[Event "Mechanics' Irving Chernev TNM; 30/90, SD"]
[Site "San Francisco"]
[Date "2008.08.26"]
[Round "4.22"]
[White "Allen, Tom"]
[Black "Dupree, Chuck"]
[Result "1-0"]
[WhiteElo "1529"]
[BlackElo "1630"]
[PlyCount "63"]
[EventDate "2008.??.??"]

1. e4 c5 2. d4 e6 3. Nf3 cxd4 4. c3 dxc3 5. Nxc3 Nc6 6. Bc4 a6 7. O-O b5 8. Bb3
Nge7 9. e5 Ng6 10. Qe2 Qc7 11. Re1 Be7 12. Bd2 O-O 13. Rac1 Qb8 14. Bc2 d6 15.
Bxg6 hxg6 16. Nd5 exd5 17. Rxc6 Bb7 18. Rc2 Rc8 19. Rxc8+ Qxc8 20. Rc1 Qd7 21.
Bb4 Rc8 22. Re1 Rc4 23. exd6 Bf6 24. Qd2 Qc6 25. b3 Rc2 26. Qe3 Rxa2 27. Qe8+
Kh7 28. d7 Qc2 29. Rf1 Qxb3 30. Be7 Bc6 31. Bxf6 Bxd7 32. Ng5+ 1-0

[Event "Mechanics' Irving Chernev TNM; 30/90, SD"]
[Site "San Francisco"]
[Date "2008.08.26"]
[Round "4.24"]
[White "Smith, Andrew"]
[Black "Bertot, German"]
[Result "0-1"]
[WhiteElo "1427"]
[BlackElo "1580"]
[PlyCount "56"]
[EventDate "2008.??.??"]

1. d4 d5 2. c4 e6 3. Nc3 Nf6 4. Nf3 c6 5. e3 Nbd7 6. Bd3 Bd6 7. O-O O-O 8. c5
Bc7 9. Re1 e5 10. Bc2 e4 11. Nd2 Ne8 12. Ndxe4 dxe4 13. Nxe4 Nef6 14. Ng5 h6
15. Nf3 Re8 16. Qd3 Ne4 17. g3 Ndf6 18. Kg2 Be6 19. h4 Bd5 20. Bd1 Nxc5 21. Qc2
Nce4 22. Kf1 Qd7 23. Ng1 Qf5 24. Nf3 Nxg3+ 25. fxg3 Qxc2 26. Bxc2 Bxf3 27. Bd2
Bxg3 28. Rec1 Ng4 {W resigns} 0-1